Computing Essentials 1999-2000 / (Record no. 190592)
[ view plain ]
| 000 -LEADER | |
|---|---|
| fixed length control field | 00991 a2200181 4500 |
| 003 - CONTROL NUMBER IDENTIFIER | |
| control field | Nust |
| 005 - DATE AND TIME OF LATEST TRANSACTION | |
| control field | 20230526084718.0 |
| 020 ## - INTERNATIONAL STANDARD BOOK NUMBER | |
| International Standard Book Number | 0-07-115812-x |
| 040 ## - CATALOGING SOURCE | |
| Transcribing agency | Nust |
| 082 ## - DEWEY DECIMAL CLASSIFICATION NUMBER | |
| Classification number | 004 |
| 100 ## - MAIN ENTRY--PERSONAL NAME | |
| Personal name | Timothy J .O'Leary |
| 9 (RLIN) | 112646 |
| 245 ## - TITLE STATEMENT | |
| Title | Computing Essentials 1999-2000 / |
| Remainder of title | Timothy J .O Leary and Linda I O'Leary |
| 260 ## - PUBLICATION, DISTRIBUTION, ETC. | |
| Place of publication, distribution, etc. | London |
| Name of publisher, distributor, etc. | MC Graw Hill |
| Date of publication, distribution, etc. | 1999 2000 |
| 300 ## - PHYSICAL DESCRIPTION | |
| Extent | xvi,305,p |
| 505 ## - FORMATTED CONTENTS NOTE | |
| Formatted contents note | Your Future and Computer Competency (Page-2), Software (Page-22), The System Unit (Page-46), Input and Output (Page-64), Secondary Storage (Page-86), communications and Connectivity (Page-104), The Internet and the Web (Page-130), Multimedia Web Authority and More (Page-156), Privacy Security Ergonomics and the Environment (Page-174), Databases (Page-198), Information Systems (Page-220), Systems Analysis and Design (Page-240), Programming and Languages (Page-262), Your Future and Information Technology (Page-288). |
| 650 ## - SUBJECT ADDED ENTRY--TOPICAL TERM | |
| Topical term or geographic name entry element | Computing 1999 2000 |
| 9 (RLIN) | 112647 |
| 942 ## - ADDED ENTRY ELEMENTS (KOHA) | |
| Source of classification or shelving scheme | |
| Koha item type | Book Bank |
| Withdrawn status | Lost status | Source of classification or shelving scheme | Damaged status | Not for loan | Permanent Location | Current Location | Shelving location | Date acquired | Full call number | Barcode | Date last seen | Price effective from | Koha item type | Public note |
|---|---|---|---|---|---|---|---|---|---|---|---|---|---|---|
| Military College of Signals (MCS) | Military College of Signals (MCS) | General Stacks | 12/12/2016 | 004,OLE | MCS27312 | 12/08/2016 | 12/12/2016 | Book | Almirah No.79, Shelf No.2 |
